| 000 | 00957cam a2200229 4500 | ||
|---|---|---|---|
| 001 | L158098 | ||
| 008 | 060118n2014 000 0 eng u | ||
| 020 | _a9781848063709 | ||
| 035 | _a(Sirsi) u158098 | ||
| 041 | 0 | _aeng | |
| 050 | 0 | 4 | _a694.01 $2 18 |
| 100 | 1 | _aSuttie, Ed | |
| 245 | 0 | 0 | _aBritish-Grown Douglas fir: growth rate and density relating to visual grading and strength class attribution |
| 260 |
_aWatford _bBRE _c2014 |
||
| 300 |
_a8p. _bill _c30cm. |
||
| 490 | 0 |
_aBRE Information Paper _vIP 3/14 |
|
| 520 | _aDescribes research carried out on visual methods to assess the strength of Douglas fir by using the ratio of earlywood to latewood in the growth rings to assess the wood density. The use of Douglas fir in structural applications is also briefly considered. | ||
| 651 | 4 | _aENGLAND AND WALES | |
| 690 | _aBUILT ENVIRONMENT-BUILDING MATERIALS-TIMBER | ||
| 710 | 2 |
_aUnited Kingdom _bDepartment of Trade and Industry |
|
| 942 | _n0 | ||
| 999 |
_c115139 _d115139 |
||